Hospitals, doctors, and the public interest. (Record no. 5827)

000 -LEADER
fixed length control field 00932cam a22003011 4500
001 - CONTROL NUMBER
control field 7056520
003 - CONTROL NUMBER IDENTIFIER
control field OSt
005 - DATE AND TIME OF LATEST TRANSACTION
control field 20220623125107.0
008 - FIXED-LENGTH DATA ELEMENTS--GENERAL INFORMATION
fixed length control field 730606s1965 mau b 000 0 eng
010 ## - LIBRARY OF CONGRESS CONTROL NUMBER
LC control number 65022054
015 ## - NATIONAL BIBLIOGRAPHY NUMBER
National bibliography number GB66-3101
035 ## - SYSTEM CONTROL NUMBER
System control number (OCoLC)637776
040 ## - CATALOGING SOURCE
Original cataloging agency DLC
Transcribing agency ALUPE UNIVERSITY
Modifying agency OCoLC
-- Uk
-- DLC
042 ## - AUTHENTICATION CODE
Authentication code premarc
050 00 - LIBRARY OF CONGRESS CALL NUMBER
Classification number RA962
Item number .K55 1965
060 ## - NATIONAL LIBRARY OF MEDICINE CALL NUMBER
Classification number WX 150 .K73h 1965
082 ## - DEWEY DECIMAL CLASSIFICATION NUMBER
Classification number 362.11
100 1# - MAIN ENTRY--PERSONAL NAME
Personal name Knowles, John H.,
Relator term ed.
245 10 - TITLE STATEMENT
Title Hospitals, doctors, and the public interest.
Statement of responsibility, etc. Edited by John H. Knowles.
260 ## - PUBLICATION, DISTRIBUTION, ETC.
Place of publication, distribution, etc. Cambridge,
Name of publisher, distributor, etc. Harvard University Press
Date of publication, distribution, etc. c1965
300 ## - PHYSICAL DESCRIPTION
Extent xi, 337 p.
Dimensions 24 cm.
504 ## - BIBLIOGRAPHY, ETC. NOTE
Bibliography, etc. note Bibliographical references included in "Notes" (p. [321]-333)
650 #0 - SUBJECT ADDED ENTRY--TOPICAL TERM
Topical term or geographic name entry element Hospitals.
650 #0 - SUBJECT ADDED ENTRY--TOPICAL TERM
Topical term or geographic name entry element Medical care
Geographic subdivision United States.
650 #0 - SUBJECT ADDED ENTRY--TOPICAL TERM
Topical term or geographic name entry element Medical education
Geographic subdivision United States.
906 ## - LOCAL DATA ELEMENT F, LDF (RLIN)
a 7
b cbc
c oclcrpl
d u
e ncip
f 19
g y-gencatlg
942 ## - ADDED ENTRY ELEMENTS (KOHA)
Source of classification or shelving scheme
Koha item type Book
Suppress in OPAC AB
Holdings
Withdrawn status Lost status Source of classification or shelving scheme Damaged status Not for loan Permanent Location Current Location Shelving location Date acquired Source of acquisition Total Checkouts Full call number Barcode Date last seen Price effective from Koha item type Public note
          AU LIBRARY AU LIBRARY Open Shelf 23.06.2022 DONATION FROM MOI UNIVERSITY   RA962 .K55 1965 28008050 23.06.2022 23.06.2022 Book AB

Powered by Koha